|
|
|
|
| LEADER |
01859cas a2200241 a 4500 |
| 001 |
AALejournalIMF014195 |
| 008 |
230101c9999 xx r poo 0 0eng d |
| 020 |
|
|
|c 5.00 USD
|
| 020 |
|
|
|z 9781475566451
|
| 022 |
|
|
|a 1934-7685
|
| 040 |
|
|
|a BD-DhAAL
|c BD-DhAAL
|
| 110 |
2 |
|
|a International Monetary Fund.
|b Asia and Pacific Dept.
|
| 245 |
1 |
0 |
|a Cambodia :
|b Staff Report for the 2013 Article IV Consultation.
|
| 264 |
|
1 |
|a Washington, D.C. :
|b International Monetary Fund,
|c 2014.
|
| 300 |
|
|
|a 1 online resource (60 pages)
|
| 490 |
1 |
|
|a IMF Staff Country Reports
|
| 500 |
|
|
|a <strong>Off-Campus Access:</strong> No User ID or Password Required
|
| 500 |
|
|
|a <strong>On-Campus Access:</strong> No User ID or Password Required
|
| 506 |
|
|
|a Electronic access restricted to authorized BRAC University faculty, staff and students
|
| 520 |
3 |
|
|a This Debt Sustainability Analysis update highlights Cambodia's continued low debt distress rating: all debt burden indicators are projected to remain below the respective thresholds. The authorities have made progress in monitoring their potential contingent liabilities and strengthening debt management. Consistent with the Debt Management Strategy adopted in 2012, there has been progress in monitoring potential contingent liabilities, including those related to power generation and distribution projects under public-private partnerships that receive government guarantees. The latest estimates show that the total investment of all projects amounted to about USD 3.2 billion (about 25 percent of GDP in 2012), lower than the previous estimate of about 50 percent of GDP in 2011.
|
| 538 |
|
|
|a Mode of access: Internet
|
| 830 |
|
0 |
|a IMF Staff Country Reports; Country Report ;
|v No. 2014/033
|
| 856 |
4 |
0 |
|z Full text available on IMF
|u http://elibrary.imf.org/view/journals/002/2014/033/002.2014.issue-033-en.xml
|z IMF e-Library
|